000 00538nam a2200205Ia 4500
005 20250508165102.0
008 008 250505s9999 xx 000 0 eng d
037 _aTextual
040 _aFEDL
_beng
_cFEDL
041 _aeng
_2eng
084 _a954, BIP
_qFEDL
100 _aBipan Chandra
245 0 _aEssays on contemporary India
260 _aNew Delhi, India
_bHar-Anand Publications
_c1993
300 _a305p.
365 _aINR
_b295
546 _aMACESE
942 _cTEXL
_h954, BIP
999 _c1393070
_d1393070